Word Ladder: '50s TV Show Quiz Stats

 Plays Quiz Updated Jan 21, 2013

Support Sporcle.
Go Orange.
Score 0/28 Timer 03:00
1 Play Today
Hint 4-Letter Word % Correct
'Yours, ___ and Ours'MINE
96.7%
Autumn in other wordsFALL
96.5%
1950's hit TV show 'I Love ____'♥ LUCY ♥
96.5%
Put gas in your tankFILL
95.8%
A golf course has 18 of thisHOLE
95.3%
Common gum flavorMINT
94.7%
Speeding feeFINE
94.5%
Ten cent coinDIME
94.5%
A womanLADY
94.4%
Young boysLADS
93.4%
Have dinnerDINE
92.9%
FrillyLACY
91.9%
A light spritzing of rainMIST
90.1%
Sand hillDUNE
90.1%
Hint 4-Letter Word % Correct
Plate in baseballHOME
90%
A tool for sharpening or dullingFILE
89.9%
A bundle of hayBALE
89.7%
Student's work areaDESK
89.6%
US news magazineTIME
88.9%
TwilightDUSK
88.1%
Scottish maidLASS
86.8%
Skip or omitMISS
86.7%
Last name of [First Rung] Star♥ BALL ♥
86%
Dip in waterDUNK
86%
Force divided by accelerationMASS
85.3%
A large bookTOME
83.9%
The trunk of a treeBOLE
82.4%
First name of [First Rung] Co-star♥ DESI ♥
66.8%

Today's Daily Dose

Missing Word
'80s Musicals

Word Ladder
Hereditary

Get the Picture
Food Names

From the Vault

Animals Missing 6-Letter Words

by timschurz

Science 4m
Even though it's a six-letter word, 'animal' won't work for any of the answers.
Remove Ads.
Support Sporcle.
Get the best of Sporcle when you Go Orange. This ad-free experience offers more features, more stats, and more fun while also helping to support Sporcle. Thank you for becoming a member.

Show Comments

Extras

Top Quizzes Today


Score Distribution

Your Account Isn't Verified!

In order to create a playlist on Sporcle, you need to verify the email address you used during registration. Go to your Sporcle Settings to finish the process.

Report this User

Report this user for behavior that violates our Community Guidelines.

Details: